| 000 | 00779nam a2200277Ia 4500 | ||
|---|---|---|---|
| 003 | OSt | ||
| 005 | 20251014173705.0 | ||
| 008 | 210423s2006 xx 000 0 und d | ||
| 020 | _a978-0-7619-4063-0 | ||
| 040 | _cAL | ||
| 041 | _aEnglish | ||
| 082 |
_a361.32 _bOCOS |
||
| 100 |
_aJan O Conner _9117714 |
||
| 245 | _aSocial work and social care practice | ||
| 260 |
_aNew Delhi _bSage Publications _c2006 |
||
| 300 |
_avii,242p _bHB |
||
| 365 |
_b2801.56 _cGBP |
||
| 650 |
_aSocial Problems & Services _9117715 |
||
| 650 |
_aSocial Work _9117716 |
||
| 700 |
_aHughes, Mark _9242276 |
||
| 700 |
_aTurney, Danielle _9242277 |
||
| 700 |
_aWilson, Jill _9242278 |
||
| 700 |
_aSetterlund, Deborah _9242279 |
||
| 906 | _acare ; practice ; Social ; work | ||
| 942 |
_2ddc _cBK |
||
| 999 |
_c176382 _d176382 |
||